Z činnosti Krajskej galérie v Nitre

Bibliographic Details
Main Author: Valent, F. (Author)
Format: Article
Language:Slovak
Subjects:

MARC

LEADER 00000nab a2200000 a 4500
001 vtls010060611
003 SK-MaSNL
005 20260305014659.0
008 250507c1974 xo |r|p|||||||000 b|slo
015 |a SNBRB1974 
035 |a (uuid)35aa3316-10b4-4329-8ea6-acd664223414 
035 |a urn:nbn:sk:snk-ab15lm 
035 |a (urnnbn)urn:nbn:sk:snk:ar-0052mm 
038 |a SNKBUCL 
040 |a SNKBUCL  |b slo  |c SNKBUCL  |e AACR2 
041 0 |a slo 
044 |a xo  |c SK 
080 |a 069.6.02:73/76(437.6)  |2 2001 
080 |a 73/76  |2 2001 
100 1 |a Valent, F.  |4 aut  |9 795113 
245 1 0 |a Z činnosti Krajskej galérie v Nitre  |c F. Valent 
610 2 7 |a Krajská galéria (Nitra, Slovensko)  |2 snkbucl  |9 243310 
773 0 |t Výtvarný život  |g Roč. 19, č. 5 (1974), s. 5 
850 |a Slovenská národná knižnica 
852 |a Slovenská národná knižnica 
954 |a odborná, vedecká literatúra pôvodná (slovenská)  |2 lita 
958 |a article2022 
958 |a SK 
958 |a OND 
958 |a EUIPO 
999 |c 3270913  |d 3272843